000
00290nam a2200109Ia 4500
008
090707b ii f a fnsan d
100
_a
Brar, Boota Singh
_9
19834
245
_a
Punjabi viakran sidhant ate vihar
260
_a
Ludhiana
_b
Chetana Prakashan
_c
2008
260
_c
252p.
942
_c
BK
999
_c
22294
_d
22294